[Event "World Youth & Cadets Blitz Championships"]
[Site "Rhodes, Greece"]
[Date "2022.05.03"]
[Round "5.34"]
[White "Blokhin, Sofia"]
[Black "Starosta, Martyna"]
[Result "0-1"]
[TimeControl "5'/game & 2\"/move"]
[WhiteElo "1764"]
[BlackElo "1707"]

1. e4 {[%clk 00:05:03]} e6 {[%clk 00:05:04]} {[%emt 00:00:02]} 2. d4 {[%clk
00:05:04]} {[%emt 00:00:01]} d5 {[%clk 00:05:05]} 3. e5 {[%clk 00:05:05]}
{[%emt 00:00:01]} c5 {[%clk 00:05:06]} 4. c3 {[%clk 00:05:06]} Nc6 {[%clk
00:05:08]} {[%emt 00:00:01]} 5. Nf3 {[%clk 00:05:06]} {[%emt 00:00:01]} Qb6
{[%clk 00:05:08]} {[%emt 00:00:02]} 6. a3 {[%clk 00:05:07]} {[%emt 00:00:01]}
f6 {[%clk 00:05:07]} {[%emt 00:00:03]} 7. exf6 {[%clk 00:05:07]} {[%emt
00:00:02]} Nxf6 {[%clk 00:05:04]} {[%emt 00:00:05]} 8. b4 {[%clk 00:04:46]}
{[%emt 00:00:23]} c4 {[%clk 00:04:59]} {[%emt 00:00:06]} 9. a4 {[%clk
00:04:41]} {[%emt 00:00:07]} Bd6 {[%clk 00:04:40]} {[%emt 00:00:22]} 10. Be2
{[%clk 00:04:36]} {[%emt 00:00:07]} O-O {[%clk 00:04:33]} {[%emt 00:00:09]} 11.
O-O {[%clk 00:04:35]} {[%emt 00:00:02]} Qc7 {[%clk 00:04:25]} {[%emt 00:00:10]}
12. h3 {[%clk 00:04:32]} {[%emt 00:00:06]} Bd7 {[%clk 00:04:18]} {[%emt
00:00:09]} 13. Na3 {[%clk 00:04:26]} {[%emt 00:00:08]} a6 {[%clk 00:04:15]}
{[%emt 00:00:06]} 14. Nc2 {[%clk 00:04:19]} {[%emt 00:00:08]} Ne4 {[%clk
00:04:13]} {[%emt 00:00:04]} 15. Bb2 {[%clk 00:03:57]} {[%emt 00:00:25]} Bf4
{[%clk 00:04:05]} {[%emt 00:00:09]} 16. Re1 {[%clk 00:03:44]} {[%emt 00:00:15]}
Be8 {[%clk 00:03:44]} {[%emt 00:00:23]} 17. Bf1 {[%clk 00:03:01]} {[%emt
00:00:45]} Bh5 {[%clk 00:03:38]} {[%emt 00:00:08]} 18. Ne3 {[%clk 00:02:52]}
{[%emt 00:00:12]} Bh2+ {[%clk 00:03:11]} {[%emt 00:00:28]} 19. Nxh2 {[%clk
00:02:47]} {[%emt 00:00:08]} Bxd1 {[%clk 00:03:11]} {[%emt 00:00:01]} 20. Nxd1
{[%clk 00:02:43]} {[%emt 00:00:06]} Qf4 {[%clk 00:02:36]} {[%emt 00:00:37]} 21.
f3 {[%clk 00:02:37]} {[%emt 00:00:09]} Qg3 {[%clk 00:02:02]} {[%emt 00:00:36]}
22. Re2 {[%clk 00:01:38]} {[%emt 00:01:01]} Ng5 {[%clk 00:02:02]} {[%emt
00:00:02]} 23. Kh1 {[%clk 00:01:30]} {[%emt 00:00:09]} Rf7 {[%clk 00:01:37]}
{[%emt 00:00:27]} 24. Bc1 {[%clk 00:01:31]} {[%emt 00:00:01]} Raf8 {[%clk
00:01:34]} {[%emt 00:00:05]} 25. Raa2 {[%clk 00:01:06]} {[%emt 00:00:27]} Ne4
{[%clk 00:01:27]} {[%emt 00:00:09]} 26. Be3 {[%clk 00:00:34]} {[%emt 00:00:34]}
Qh4 {[%clk 00:01:21]} {[%emt 00:00:08]} 27. fxe4 {[%clk 00:00:29]} {[%emt
00:00:07]} Rxf1+ {[%clk 00:01:15]} {[%emt 00:00:08]} 28. Nxf1 {[%clk 00:00:29]}
{[%emt 00:00:01]} Rxf1+ {[%clk 00:01:16]} {[%emt 00:00:01]} 29. Kh2 {[%clk
00:00:28]} {[%emt 00:00:04]} Rxd1 {[%clk 00:01:14]} {[%emt 00:00:04]} 30. exd5
{[%clk 00:00:23]} {[%emt 00:00:07]} exd5 {[%clk 00:01:13]} {[%emt 00:00:03]} 31.
Bf2 {[%clk 00:00:20]} {[%emt 00:00:06]} Qg5 {[%clk 00:00:52]} {[%emt 00:00:22]}
32. Bg3 {[%clk 00:00:13]} {[%emt 00:00:09]} h6 {[%clk 00:00:51]} {[%emt
00:00:03]} 33. Re8+ {[%clk 00:00:07]} {[%emt 00:00:08]} Kh7 {[%clk 00:00:52]}
34. Rc8 {[%clk 00:00:04]} {[%emt 00:00:05]} Qc1 {[%clk 00:00:42]} {[%emt
00:00:12]} 35. Bd6 {[%clk 00:00:03]} {[%emt 00:00:03]} Rh1+ {[%clk 00:00:41]}
{[%emt 00:00:03]} 36. Kg3 {[%clk 00:00:04]} {[%emt 00:00:01]} Qxc3+ {[%clk
00:00:42]} {[%emt 00:00:02]} 37. Kh4 {[%clk 00:00:04]} {[%emt 00:00:01]} Qxd4+
{[%clk 00:00:40]} {[%emt 00:00:04]} 38. g4 {[%clk 00:00:05]} g5+ {[%clk
00:00:39]} {[%emt 00:00:04]} 39. Kh5 {[%clk 00:00:05]} {[%emt 00:00:02]} Rxh3#
{[%clk 00:00:40]} 0-1

[Event "World Youth & Cadets Blitz Championships"]
[Site "Rhodes, Greece"]
[Date "2022.05.03"]
[Round "5.35"]
[White "Siekanska, Maria"]
[Black "Katter, Marlene"]
[Result "1-0"]
[TimeControl "5'/game & 2\"/move"]
[WhiteElo "1723"]
[BlackElo "1657"]

1. d4 {[%clk 00:05:03]} e6 {[%clk 00:05:03]} {[%emt 00:00:02]} 2. c4 {[%clk
00:05:03]} {[%emt 00:00:02]} f5 {[%clk 00:05:04]} {[%emt 00:00:02]} 3. Nc3
{[%clk 00:05:02]} {[%emt 00:00:03]} Nf6 {[%clk 00:05:04]} {[%emt 00:00:01]} 4.
e3 {[%clk 00:04:59]} {[%emt 00:00:05]} d5 {[%clk 00:05:05]} {[%emt 00:00:01]} 5.
Nf3 {[%clk 00:04:58]} {[%emt 00:00:03]} c6 {[%clk 00:05:05]} {[%emt 00:00:02]}
6. Bd3 {[%clk 00:04:58]} {[%emt 00:00:01]} Bd6 {[%clk 00:05:05]} {[%emt
00:00:02]} 7. O-O {[%clk 00:04:57]} {[%emt 00:00:04]} O-O {[%clk 00:05:06]}
{[%emt 00:00:02]} 8. b3 {[%clk 00:04:55]} {[%emt 00:00:04]} Bd7 {[%clk
00:05:04]} {[%emt 00:00:03]} 9. Bb2 {[%clk 00:04:48]} {[%emt 00:00:09]} Be8
{[%clk 00:05:01]} {[%emt 00:00:06]} 10. cxd5 {[%clk 00:04:45]} {[%emt
00:00:04]} cxd5 {[%clk 00:04:58]} {[%emt 00:00:06]} 11. Ne5 {[%clk 00:04:32]}
{[%emt 00:00:14]} Nc6 {[%clk 00:04:53]} {[%emt 00:00:07]} 12. Ne2 {[%clk
00:04:28]} {[%emt 00:00:07]} Bh5 {[%clk 00:04:44]} {[%emt 00:00:11]} 13. Nxc6
{[%clk 00:04:26]} {[%emt 00:00:04]} bxc6 {[%clk 00:04:45]} 14. Qc1 {[%clk
00:04:11]} {[%emt 00:00:16]} Qc7 {[%clk 00:04:33]} {[%emt 00:00:14]} 15. Ng3
{[%clk 00:03:50]} {[%emt 00:00:23]} Bg6 {[%clk 00:04:14]} {[%emt 00:00:22]} 16.
Qc2 {[%clk 00:03:29]} {[%emt 00:00:22]} Ne4 {[%clk 00:04:08]} {[%emt 00:00:07]}
17. Rac1 {[%clk 00:03:20]} {[%emt 00:00:12]} Rfc8 {[%clk 00:03:49]} {[%emt
00:00:21]} 18. Ba6 {[%clk 00:03:15]} {[%emt 00:00:07]} Nxg3 {[%clk 00:03:11]}
{[%emt 00:00:41]} 19. hxg3 {[%clk 00:03:04]} {[%emt 00:00:12]} f4 {[%clk
00:02:20]} {[%emt 00:00:53]} 20. Qc3 {[%clk 00:03:03]} {[%emt 00:00:03]} fxg3
{[%clk 00:01:50]} {[%emt 00:00:32]} 21. Bxc8 {[%clk 00:02:56]} {[%emt
00:00:09]} gxf2+ {[%clk 00:01:49]} {[%emt 00:00:04]} 22. Rxf2 {[%clk 00:02:55]}
{[%emt 00:00:03]} Rxc8 {[%clk 00:01:44]} {[%emt 00:00:07]} 23. b4 {[%clk
00:02:35]} {[%emt 00:00:22]} Bh2+ {[%clk 00:01:32]} {[%emt 00:00:14]} 24. Kh1
{[%clk 00:02:31]} {[%emt 00:00:05]} Bg3 {[%clk 00:01:30]} {[%emt 00:00:04]} 25.
Rf3 {[%clk 00:01:35]} {[%emt 00:00:57]} Be4 {[%clk 00:01:30]} {[%emt 00:00:02]}
26. Rxg3 {[%clk 00:01:33]} {[%emt 00:00:05]} Qxg3 {[%clk 00:01:30]} {[%emt
00:00:02]} 27. Qd2 {[%clk 00:01:34]} {[%emt 00:00:01]} Qh4+ {[%clk 00:01:20]}
{[%emt 00:00:12]} 28. Kg1 {[%clk 00:01:35]} {[%emt 00:00:02]} Qg5 {[%clk
00:01:12]} {[%emt 00:00:09]} 29. b5 {[%clk 00:01:29]} {[%emt 00:00:09]} Qd8
{[%clk 00:00:44]} {[%emt 00:00:30]} 30. bxc6 {[%clk 00:01:24]} {[%emt
00:00:06]} Qb6 {[%clk 00:00:45]} 31. Qc3 {[%clk 00:01:19]} {[%emt 00:00:07]}
Qc7 {[%clk 00:00:41]} {[%emt 00:00:06]} 32. Ba3 {[%clk 00:01:12]} {[%emt
00:00:10]} Qg3 {[%clk 00:00:40]} {[%emt 00:00:02]} 33. Qd2 {[%clk 00:01:10]}
{[%emt 00:00:05]} h5 {[%clk 00:00:33]} {[%emt 00:00:08]} 34. Qf2 {[%clk
00:00:53]} {[%emt 00:00:19]} Qxf2+ {[%clk 00:00:23]} {[%emt 00:00:12]} 35. Kxf2
{[%clk 00:00:54]} {[%emt 00:00:01]} Kf7 {[%clk 00:00:23]} {[%emt 00:00:02]} 36.
Bd6 {[%clk 00:00:51]} {[%emt 00:00:05]} Ke8 {[%clk 00:00:17]} {[%emt 00:00:08]}
37. c7 {[%clk 00:00:50]} {[%emt 00:00:03]} Kd7 {[%clk 00:00:18]} 38. Be5 {[%clk
00:00:52]} {[%emt 00:00:01]} g5 {[%clk 00:00:18]} 39. Rc5 {[%clk 00:00:46]}
{[%emt 00:00:08]} Rf8+ {[%clk 00:00:19]} {[%emt 00:00:01]} 40. Kg1 {[%clk
00:00:43]} {[%emt 00:00:05]} h4 {[%clk 00:00:19]} {[%emt 00:00:03]} 41. Ra5
{[%clk 00:00:43]} {[%emt 00:00:02]} Ra8 {[%clk 00:00:18]} {[%emt 00:00:03]} 42.
Rb5 {[%clk 00:00:40]} {[%emt 00:00:05]} Rc8 {[%clk 00:00:15]} {[%emt 00:00:04]}
43. Rb7 {[%clk 00:00:38]} {[%emt 00:00:04]} a5 {[%clk 00:00:09]} {[%emt
00:00:08]} 44. Ra7 {[%clk 00:00:39]} g4 {[%clk 00:00:09]} {[%emt 00:00:02]} 45.
Rxa5 {[%clk 00:00:36]} {[%emt 00:00:05]} h3 {[%clk 00:00:10]} {[%emt 00:00:01]}
46. gxh3 {[%clk 00:00:36]} {[%emt 00:00:02]} gxh3 {[%clk 00:00:10]} {[%emt
00:00:01]} 47. Kh2 {[%clk 00:00:37]} {[%emt 00:00:01]} Bf5 {[%clk 00:00:09]}
{[%emt 00:00:04]} 48. Rb5 {[%clk 00:00:34]} {[%emt 00:00:06]} Rg8 {[%clk
00:00:09]} {[%emt 00:00:02]} 49. Rb8 {[%clk 00:00:33]} {[%emt 00:00:03]} Rc8
{[%clk 00:00:06]} {[%emt 00:00:04]} 50. a4 {[%clk 00:00:33]} {[%emt 00:00:03]}
Bg4 {[%clk 00:00:04]} {[%emt 00:00:04]} 51. a5 {[%clk 00:00:33]} {[%emt
00:00:02]} Be2 {[%clk 00:00:03]} {[%emt 00:00:03]} 52. Kxh3 {[%clk 00:00:31]}
{[%emt 00:00:03]} Rxc7 {[%clk 00:00:00]} {[%emt 00:00:06]} 1-0

[Event "World Youth & Cadets Blitz Championships"]
[Site "Rhodes, Greece"]
[Date "2022.05.03"]
[Round "5.36"]
[White "Kryvenko, Daryna"]
[Black "Sala, Giulia"]
[Result "1/2-1/2"]
[TimeControl "5'/game & 2\"/move"]
[WhiteElo "1344"]
[BlackElo "1648"]

1. e4 {[%clk 00:05:01]} {[%emt 00:00:01]} e5 {[%clk 00:05:04]} {[%emt
00:00:01]} 2. Nf3 {[%clk 00:05:02]} {[%emt 00:00:01]} Nc6 {[%clk 00:05:05]}
{[%emt 00:00:01]} 3. Bb5 {[%clk 00:05:02]} {[%emt 00:00:02]} f5 {[%clk
00:05:06]} 4. d3 {[%clk 00:04:58]} {[%emt 00:00:07]} fxe4 {[%clk 00:05:07]}
{[%emt 00:00:01]} 5. dxe4 {[%clk 00:04:58]} {[%emt 00:00:02]} Nf6 {[%clk
00:05:08]} {[%emt 00:00:01]} 6. Qe2 {[%clk 00:04:51]} {[%emt 00:00:09]} d6
{[%clk 00:05:06]} {[%emt 00:00:04]} 7. c3 {[%clk 00:04:48]} {[%emt 00:00:06]}
Be7 {[%clk 00:05:03]} {[%emt 00:00:04]} 8. O-O {[%clk 00:04:33]} {[%emt
00:00:16]} Bg4 {[%clk 00:04:11]} {[%emt 00:00:55]} 9. h3 {[%clk 00:04:21]}
{[%emt 00:00:14]} Bh5 {[%clk 00:04:11]} {[%emt 00:00:02]} 10. Nbd2 {[%clk
00:04:21]} {[%emt 00:00:01]} O-O {[%clk 00:04:09]} {[%emt 00:00:05]} 11. Qd3
{[%clk 00:03:43]} {[%emt 00:00:39]} h6 {[%clk 00:03:52]} {[%emt 00:00:20]} 12.
Re1 {[%clk 00:02:52]} {[%emt 00:00:53]} Kh8 {[%clk 00:03:49]} {[%emt 00:00:05]}
13. Nf1 {[%clk 00:02:44]} {[%emt 00:00:10]} Nd7 {[%clk 00:03:43]} {[%emt
00:00:09]} 14. N1h2 {[%clk 00:02:20]} {[%emt 00:00:26]} Nc5 {[%clk 00:03:42]}
{[%emt 00:00:03]} 15. Qc2 {[%clk 00:02:12]} {[%emt 00:00:09]} Ne6 {[%clk
00:03:29]} {[%emt 00:00:14]} 16. Be3 {[%clk 00:01:50]} {[%emt 00:00:25]} Nf4
{[%clk 00:03:30]} {[%emt 00:00:01]} 17. Kh1 {[%clk 00:01:23]} {[%emt 00:00:28]}
Nxh3 {[%clk 00:03:13]} {[%emt 00:00:20]} 18. gxh3 {[%clk 00:01:15]} {[%emt
00:00:10]} Bxf3+ {[%clk 00:03:13]} {[%emt 00:00:02]} 19. Nxf3 {[%clk 00:01:16]}
Rxf3 {[%clk 00:03:14]} {[%emt 00:00:02]} 20. Kh2 {[%clk 00:01:04]} {[%emt
00:00:13]} Qf8 {[%clk 00:03:13]} {[%emt 00:00:02]} 21. Rg1 {[%clk 00:01:00]}
{[%emt 00:00:07]} Bh4 {[%clk 00:03:11]} {[%emt 00:00:04]} 22. Rg2 {[%clk
00:00:58]} {[%emt 00:00:03]} Qf6 {[%clk 00:03:09]} {[%emt 00:00:04]} 23. Be2
{[%clk 00:00:55]} {[%emt 00:00:06]} Bxf2 {[%clk 00:02:24]} {[%emt 00:00:47]} 24.
Bxf3 {[%clk 00:00:45]} {[%emt 00:00:12]} Bxe3 {[%clk 00:02:24]} {[%emt
00:00:01]} 25. Be2 {[%clk 00:00:34]} {[%emt 00:00:14]} Qh4 {[%clk 00:02:14]}
{[%emt 00:00:12]} 26. Bg4 {[%clk 00:00:30]} {[%emt 00:00:06]} Rf8 {[%clk
00:02:08]} {[%emt 00:00:07]} 27. Qe2 {[%clk 00:00:30]} {[%emt 00:00:03]} Bf4+
{[%clk 00:02:02]} {[%emt 00:00:09]} 28. Kh1 {[%clk 00:00:30]} {[%emt 00:00:01]}
h5 {[%clk 00:01:42]} {[%emt 00:00:21]} 29. Bf5 {[%clk 00:00:31]} Ne7 {[%clk
00:01:26]} {[%emt 00:00:18]} 30. Qd3 {[%clk 00:00:28]} {[%emt 00:00:06]} d5
{[%clk 00:01:16]} {[%emt 00:00:12]} 31. Be6 {[%clk 00:00:18]} {[%emt 00:00:12]}
dxe4 {[%clk 00:01:08]} {[%emt 00:00:10]} 32. Qxe4 {[%clk 00:00:19]} {[%emt
00:00:01]} Rf6 {[%clk 00:01:05]} {[%emt 00:00:05]} 33. Bd7 {[%clk 00:00:19]}
{[%emt 00:00:02]} Rd6 {[%clk 00:01:02]} {[%emt 00:00:05]} 34. Bf5 {[%clk
00:00:17]} {[%emt 00:00:04]} g6 {[%clk 00:00:18]} {[%emt 00:00:46]} 35. Bxg6
{[%clk 00:00:10]} {[%emt 00:00:08]} Nxg6 {[%clk 00:00:20]} 36. Rxg6 {[%clk
00:00:11]} {[%emt 00:00:02]} Qxh3+ {[%clk 00:00:20]} {[%emt 00:00:01]} 37. Kg1
{[%clk 00:00:12]} {[%emt 00:00:02]} Qh2+ {[%clk 00:00:08]} {[%emt 00:00:15]} 38.
Kf1 {[%clk 00:00:10]} {[%emt 00:00:03]} Qh3+ {[%clk 00:00:09]} {[%emt
00:00:01]} 39. Kg1 {[%clk 00:00:09]} {[%emt 00:00:04]} Bh2+ {[%clk 00:00:09]}
{[%emt 00:00:01]} 40. Kf2 {[%clk 00:00:08]} {[%emt 00:00:03]} Rxg6 {[%clk
00:00:06]} {[%emt 00:00:05]} 41. Qxg6 {[%clk 00:00:09]} {[%emt 00:00:02]} Qh4+
{[%emt 00:00:02]} 42. Ke2 {[%clk 00:00:06]} {[%emt 00:00:03]} Qc4+ {[%clk
00:00:06]} {[%emt 00:00:03]} 43. Kd2 {[%clk 00:00:07]} {[%emt 00:00:02]} Bf4+
{[%clk 00:00:07]} 44. Kc2 {[%clk 00:00:08]} Qe2+ {[%clk 00:00:08]} 45. Kb3
{[%clk 00:00:09]} Qb5+ {[%clk 00:00:09]} {[%emt 00:00:01]} 46. Kc2 {[%clk
00:00:10]} Qe2+ {[%clk 00:00:10]} {[%emt 00:00:01]} 47. Kb3 {[%clk 00:00:11]}
Qe3 {[%clk 00:00:11]} {[%emt 00:00:01]} 48. Qe8+ {[%clk 00:00:11]} {[%emt
00:00:02]} Kh7 {[%clk 00:00:12]} 49. Qf7+ {[%clk 00:00:12]} Kh6 {[%clk
00:00:13]} 50. Qf6+ {[%clk 00:00:13]} Kh7 {[%clk 00:00:15]} 51. Qf7+ {[%clk
00:00:14]} Kh6 {[%clk 00:00:17]} {[%emt 00:00:02]} 52. Qf6+ {[%clk 00:00:16]}
1/2-1/2

[Event "World Youth & Cadets Blitz Championships"]
[Site "Rhodes, Greece"]
[Date "2022.05.03"]
[Round "5.37"]
[White "Gaszka, Zuzanna"]
[Black "Seemann, Pola"]
[Result "0-1"]
[TimeControl "5'/game & 2\"/move"]
[WhiteElo "1349"]
[BlackElo "1439"]

1. e4 {[%clk 00:05:03]} {[%emt 00:31:28]} e5 {[%clk 00:05:03]} {[%emt
00:00:02]} 2. Nf3 {[%clk 00:05:04]} Nc6 {[%clk 00:05:04]} {[%emt 00:00:01]} 3.
Bc4 {[%clk 00:05:05]} {[%emt 00:00:01]} Nf6 {[%clk 00:05:05]} {[%emt 00:00:02]}
4. d3 {[%clk 00:05:06]} {[%emt 00:00:01]} Be7 {[%clk 00:05:05]} {[%emt
00:00:01]} 5. O-O {[%clk 00:05:06]} {[%emt 00:00:02]} d6 {[%clk 00:05:06]}
{[%emt 00:00:01]} 6. a4 {[%clk 00:05:06]} {[%emt 00:00:02]} O-O {[%clk
00:05:05]} {[%emt 00:00:02]} 7. Re1 {[%clk 00:05:06]} {[%emt 00:00:03]} Na5
{[%clk 00:05:05]} {[%emt 00:00:02]} 8. Ba2 {[%clk 00:05:07]} {[%emt 00:00:02]}
c5 {[%clk 00:05:06]} {[%emt 00:00:01]} 9. c3 {[%clk 00:05:06]} {[%emt
00:00:02]} Be6 {[%clk 00:05:06]} {[%emt 00:00:02]} 10. Bxe6 {[%clk 00:04:57]}
{[%emt 00:00:12]} fxe6 {[%clk 00:05:05]} {[%emt 00:00:02]} 11. Bd2 {[%clk
00:04:53]} {[%emt 00:00:06]} Nc6 {[%clk 00:05:06]} {[%emt 00:00:02]} 12. Na3
{[%clk 00:04:42]} {[%emt 00:00:13]} Qe8 {[%clk 00:05:03]} {[%emt 00:00:04]} 13.
b4 {[%clk 00:04:32]} {[%emt 00:00:11]} cxb4 {[%clk 00:04:51]} {[%emt 00:00:14]}
14. cxb4 {[%clk 00:04:33]} {[%emt 00:00:02]} Qg6 {[%clk 00:04:47]} {[%emt
00:00:06]} 15. Qb3 {[%clk 00:04:04]} {[%emt 00:00:31]} Nd8 {[%clk 00:04:47]}
{[%emt 00:00:02]} 16. Nc4 {[%clk 00:03:34]} {[%emt 00:00:33]} Nh5 {[%clk
00:04:42]} {[%emt 00:00:06]} 17. Kh1 {[%clk 00:03:27]} {[%emt 00:00:09]} Nf4
{[%clk 00:04:41]} {[%emt 00:00:03]} 18. Bxf4 {[%clk 00:03:19]} {[%emt
00:00:10]} exf4 {[%clk 00:04:41]} {[%emt 00:00:02]} 19. d4 {[%clk 00:02:44]}
{[%emt 00:00:37]} Kh8 {[%clk 00:04:35]} {[%emt 00:00:08]} 20. b5 {[%clk
00:02:21]} {[%emt 00:00:26]} Qh5 {[%clk 00:04:26]} {[%emt 00:00:10]} 21. Ncd2
{[%clk 00:01:30]} {[%emt 00:00:54]} Rf6 {[%clk 00:04:01]} {[%emt 00:00:25]} 22.
Rac1 {[%clk 00:01:25]} {[%emt 00:00:08]} g5 {[%clk 00:03:24]} {[%emt 00:00:39]}
23. Rc7 {[%clk 00:01:11]} {[%emt 00:00:16]} Bf8 {[%clk 00:03:23]} {[%emt
00:00:02]} 24. Nf1 {[%clk 00:01:01]} {[%emt 00:00:12]} g4 {[%clk 00:03:21]}
{[%emt 00:00:04]} 25. Ng1 {[%clk 00:00:57]} {[%emt 00:00:07]} Rh6 {[%clk
00:03:10]} {[%emt 00:00:12]} 26. Qc3 {[%clk 00:00:54]} {[%emt 00:00:06]} g3
{[%clk 00:03:03]} {[%emt 00:00:09]} 27. fxg3 {[%clk 00:00:55]} {[%emt
00:00:02]} fxg3 {[%clk 00:02:54]} {[%emt 00:00:10]} 28. h3 {[%clk 00:00:50]}
{[%emt 00:00:07]} Rg6 {[%clk 00:02:34]} {[%emt 00:00:22]} 29. Nxg3 {[%clk
00:00:48]} {[%emt 00:00:04]} Qg5 {[%clk 00:02:28]} {[%emt 00:00:06]} 30. N1e2
{[%clk 00:00:48]} {[%emt 00:00:04]} d5 {[%clk 00:02:22]} {[%emt 00:00:08]} 31.
exd5 {[%clk 00:00:42]} {[%emt 00:00:08]} Bd6 {[%clk 00:02:19]} {[%emt
00:00:04]} 32. Rc8 {[%clk 00:00:33]} {[%emt 00:00:12]} Rxc8 {[%clk 00:02:19]}
{[%emt 00:00:02]} 33. Qxc8 {[%clk 00:00:34]} {[%emt 00:00:02]} Rg8 {[%clk
00:02:08]} {[%emt 00:00:12]} 34. dxe6 {[%clk 00:00:14]} {[%emt 00:00:21]} Bxg3
{[%clk 00:02:05]} {[%emt 00:00:06]} 35. Nxg3 {[%clk 00:00:08]} {[%emt
00:00:08]} Qxg3 {[%clk 00:02:04]} {[%emt 00:00:03]} 36. Rg1 {[%clk 00:00:08]}
{[%emt 00:00:02]} Qg6 {[%clk 00:01:54]} {[%emt 00:00:11]} 37. d5 {[%clk
00:00:06]} {[%emt 00:00:05]} Qe4 {[%clk 00:01:50]} {[%emt 00:00:06]} 38. Qc7
{[%clk 00:00:06]} {[%emt 00:00:03]} Qxd5 {[%clk 00:01:47]} {[%emt 00:00:04]} 39.
e7 {[%clk 00:00:06]} {[%emt 00:00:02]} Ne6 {[%clk 00:01:39]} {[%emt 00:00:07]}
40. Re1 {[%clk 00:00:06]} {[%emt 00:00:05]} Qxg2# {[%clk 00:01:38]} {[%emt
00:00:02]} 0-1

[Event "World Youth & Cadets Blitz Championships"]
[Site "Rhodes, Greece"]
[Date "2022.05.03"]
[Round "5.38"]
[White "Bendik, Margarita"]
[Black "Shadrina, Eva"]
[Result "1-0"]
[TimeControl "5'/game & 2\"/move"]
[WhiteElo "1457"]
[BlackElo "1350"]

1. e4 {[%clk 00:05:03]} c5 {[%clk 00:05:02]} {[%emt 00:00:02]} 2. Nf3 {[%clk
00:05:04]} {[%emt 00:00:01]} Nc6 {[%clk 00:05:03]} {[%emt 00:00:01]} 3. Bb5
{[%clk 00:05:06]} e6 {[%clk 00:05:01]} {[%emt 00:00:04]} 4. Bxc6 {[%clk
00:05:06]} {[%emt 00:00:02]} bxc6 {[%clk 00:05:02]} {[%emt 00:00:01]} 5. d3
{[%clk 00:05:04]} {[%emt 00:00:04]} Ne7 {[%clk 00:05:00]} {[%emt 00:00:03]} 6.
Qe2 {[%clk 00:05:05]} {[%emt 00:00:01]} Ng6 {[%clk 00:05:00]} {[%emt 00:00:02]}
7. h4 {[%clk 00:05:06]} h5 {[%clk 00:04:47]} {[%emt 00:00:16]} 8. e5 {[%clk
00:04:54]} {[%emt 00:00:14]} f6 {[%clk 00:04:00]} {[%emt 00:00:49]} 9. Qe4
{[%clk 00:04:33]} {[%emt 00:00:23]} Kf7 {[%clk 00:04:00]} {[%emt 00:00:02]} 10.
Nbd2 {[%clk 00:03:50]} {[%emt 00:00:44]} d5 {[%clk 00:03:51]} {[%emt 00:00:12]}
11. exd6 {[%clk 00:03:45]} {[%emt 00:00:07]} Qxd6 {[%clk 00:03:49]} {[%emt
00:00:03]} 12. Nc4 {[%clk 00:03:43]} {[%emt 00:00:04]} Qd5 {[%clk 00:03:49]}
{[%emt 00:00:03]} 13. Be3 {[%clk 00:02:38]} {[%emt 00:01:07]} Ba6 {[%clk
00:03:23]} {[%emt 00:00:28]} 14. Ncd2 {[%clk 00:02:07]} {[%emt 00:00:33]} Rb8
{[%clk 00:02:46]} {[%emt 00:00:39]} 15. b3 {[%clk 00:02:08]} Bb7 {[%clk
00:02:03]} {[%emt 00:00:45]} 16. O-O {[%clk 00:02:01]} {[%emt 00:00:09]} f5
{[%clk 00:01:44]} {[%emt 00:00:21]} 17. Ng5+ {[%clk 00:01:47]} {[%emt
00:00:15]} Kf6 {[%clk 00:00:58]} {[%emt 00:00:48]} 18. Qa4 {[%clk 00:01:36]}
{[%emt 00:00:14]} a6 {[%clk 00:00:48]} {[%emt 00:00:11]} 19. Ndf3 {[%clk
00:01:17]} {[%emt 00:00:21]} Bd6 {[%clk 00:00:39]} {[%emt 00:00:11]} 20. Bd2
{[%clk 00:01:11]} {[%emt 00:00:08]} Be5 {[%clk 00:00:18]} {[%emt 00:00:23]} 21.
Nxe5 {[%clk 00:00:52]} {[%emt 00:00:21]} Nxe5 {[%clk 00:00:17]} {[%emt
00:00:03]} 22. Bc3 {[%clk 00:00:48]} {[%emt 00:00:06]} Kg6 {[%clk 00:00:06]}
{[%emt 00:00:14]} 23. Rae1 {[%clk 00:00:37]} {[%emt 00:00:13]} Nf7 {[%clk
00:00:06]} {[%emt 00:00:02]} 24. Rxe6+ {[%clk 00:00:37]} {[%emt 00:00:02]} Qxe6
{[%clk 00:00:04]} {[%emt 00:01:03]} 25. Nxe6 {[%clk 00:01:36]} {[%emt
00:00:02]} Kh6 {[%clk 00:00:03]} {[%emt 00:00:03]} 26. Bxg7+ {[%clk 00:01:36]}
{[%emt 00:00:02]} Kh7 {[%clk 00:00:03]} {[%emt 00:00:02]} 27. Bxh8 {[%clk
00:01:33]} {[%emt 00:00:04]} Kxh8 {[%clk 00:00:04]} {[%emt 00:00:01]} 28. Qf4
{[%clk 00:01:33]} {[%emt 00:00:03]} Re8 {[%clk 00:00:04]} {[%emt 00:00:02]} 29.
Qxf5 {[%clk 00:01:26]} {[%emt 00:00:08]} 1-0